000 00653nam a2200181Ia 4500
008 151202s9999||||xx |||||||||||||| ||und||
082 _bPNVM-82038
100 _aहरकारे अरूण.
245 _aकार्यसम्राटाची मुलगी.
260 _b"जयविराज प्रकाशन, पुणे."
260 _c2013
300 _a160
600 _aहरकारे अरूण.
630 _aकार्यसम्राटाची मुलगी.
700 _aहरकारे अरूण.
730 _aकार्यसम्राटाची मुलगी.
942 _cBOOK
999 _c1346646
_d1346643